000 00460nam a2200193Ia 4500
003 OSt
005 20260316125114.0
008 250729s2008 xx 000 0 und d
020 _a978-1893951235
040 _cAL
041 _aeng
082 _a200 ANNR
100 _aanne Marshall
_9230160
245 _aRipleys belive it or not
260 _aChina
_bMiles Kelly Publishing
_c2008
300 _a256p
650 _aReligion
_9230161
942 _2ddc
_cBED
999 _c238643
_d238643